[Event "Foment Martinenc op-C 24th"]
[Site "Barcelona"]
[Date "2024.05.18"]
[Round "5"]
[White "Janssen Martinez, Johan"]
[Black "Guzman Lopez, Cristian"]
[Result "0-1"]
[WhiteElo "1351"]
[BlackElo "1396"]
[PlyCount "128"]
[EventDate "2024.04.20"]
[EventType "swiss"]
[EventRounds "9"]
[EventCountry "ESP"]
[SourceTitle "CBM 220 Extra"]
[Source "ChessBase"]
[SourceDate "2024.07.31"]
[SourceVersion "1"]
[SourceVersionDate "2024.07.31"]
[SourceQuality "1"]

1. e4 d5 2. exd5 Qxd5 3. Nc3 Qd6 4. Nf3 Nf6 5. Bc4 Bg4 6. 0-0 c6 7. h3 Bf5 8. d3 e6 9. Bg5 Nbd7 10. a3 Be7 11. Qd2 Qc7 12. Rae1 0-0 13. b4 a5 14. Ra1 axb4 15. axb4 Rxa1 16. Rxa1 Bxb4 17. Rb1 Qa5 18. Rb3 Nc5 19. Nd4 Nxb3 20. Nxb3 Bxc3 21. Bxf6 Bxd2 22. Nxa5 Bxa5 23. Be7 Ra8 24. g4 Bg6 25. h4 h5 26. gxh5 Bxh5 27. Bg5 Bf3 28. Be3 Bc7 29. Bd4 c5 30. Bc3 Bd5 31. Bb5 Ra5 32. Bxa5 Bxa5 33. c4 Bc6 34. Bxc6 bxc6 35. f4 Bc7 36. h5 Bxf4 37. Kh1 g6 38. hxg6 fxg6 39. Kg1 Kg7 40. Kh1 Kf6 41. Kg2 Ke5 42. Kf3 Kd4 43. Kxf4 Kxd3 44. Kf3 e5 45. Kf2 g5 46. Ke1 g4 47. Kd1 g3 48. Ke1 e4 49. Kf1 e3 50. Ke1 Kxc4 51. Ke2 g2 52. Kxe3 g1Q+ 53. Ke4 Qd1 54. Ke5 Qd4+ 55. Ke6 Qd5+ 56. Kf6 Qe4 57. Kf7 Qe5 58. Kg6 Qf4 59. Kg7 Qf5 60. Kg8 Kd5 61. Kg7 Ke6 62. Kg8 Kf6 63. Kf8 Qd7 64. Kg8 Qg7# 0-1